Countries Without Vowels Quiz #04 - Statistics

General Stats
  • This quiz has been taken 21 times
  • The average score is 13 of 14
Answer Stats
Countries (No Vowels) Countries % Correct
CZCH RPBLC Czech Republic
100%
KWT Kuwait
100%
NTD KNGDM United Kingdom
100%
BLV Bolivia
94%
BTSWN Botswana
94%
RLND Ireland
94%
KNY Kenya
94%
NCRG Nicaragua
94%
MLT Malta
88%
TG Togo
88%
GRG Georgia
82%
SD RB Saudi Arabia
82%
MRTN Mauritania
71%
NR Nauru
71%
No matching quizzes found
Score Distribution
Percent of People with Each Score
Percentile by Number Answered
Your Score History
You have not taken this quiz